| 000 | 00512cam a2200193ua 4500 | ||
|---|---|---|---|
| 001 | 5574 | ||
| 005 | 20260515113916.0 | ||
| 008 | 131004n ii |||gr||||Z||||||eng | ||
| 020 | _a978-81-8370-192-1 | ||
| 040 | _cMAIN | ||
| 082 | _a307.76 | ||
| 245 | 1 | 1 |
_aUrbanization In Northeast India _bIssues and Concerns |
| 260 |
_aNew Delhi: _bAkansha Publishing House, _c2009. |
||
| 300 | _axi,128p. | ||
| 653 | _aSociology | ||
| 653 | _aUrbanization In Northeast India | ||
| 700 | 1 |
_aSudhir,H., _eEditor. |
|
| 942 | _cBK | ||
| 999 |
_c4733 _d4733 |
||